000 01688nam a2200445 4500
001 0000014458
003 CO-CtgCURN
005 20250331185212.0
007 ta
008 160627s2010 000 0 eng d
020 _a9789589076408
040 _aCO-CtgCURN
_bspa
_ccoctgcurn
082 0 _a616.079
_bIn62
245 0 0 _aInmunología de Rojas /
_cWilliam Rojas M. ... [et al.] ; Ilustrador, Diana Cecilia Molina Molina.
250 _a15a ed.
260 _aMedellín :
_bCorporación para Investigaciones Biológicas, CIB,
_c2010.
300 _axx, 470 p :
_bil., tablas.
336 _2rdacontent
337 _2rdamedia
_asin mediacion
_bn
338 _2rdacarrier
_avolumen
_bnc
504 _aIncluye bibliografía al final de cada capítulo.
505 8 _aInmunidad innata.--Inmunidad adquirida.-- Defensa inmune contra infecciones.--Cáncer y proliferaciones de las células del sistema inmune.--Inmunodeficiencias.--Alergias.--Enfermedades autoinmunes.--Modulación de la respuesta inmune
650 1 4 _aInmunología clínica.
650 1 4 _aCáncer.
650 1 4 _aEnfermedades alérgicas.
650 1 4 _aGenética.
650 1 4 _aSistema inmune.
650 1 4 _aLupus.
700 1 _aRojas M., William.
700 1 _aAnaya C., Juan Manuel.
700 1 _aAristizábal B., Beatriz H.
700 1 _aCano R., Luz Elena.
700 1 _aGómez O., Luis Miguel.
700 1 _aLopera H., Damaris.
700 1 _aMolina Molina, Diana Cecilia,
_cIlustrador.
908 _a160627
942 _cBK
_h616.079
_iIn62
_2ddc
999 _c22750
_d22750